000 00230nmm a2200085Ia 4500
008 220120s9999||||xx |||||||||||||||||und||
100 _aDIGIT 2010
245 0 _aDigit 9th aniversery Package, Audio and video lecturing
260 _c2010
999 _c139487
_d139487